| 000 | 00979nam a2200277 i 4500 | ||
|---|---|---|---|
| 001 | 000006091 | ||
| 003 | DO-SdBNP | ||
| 005 | 20260204104946.0 | ||
| 007 | ta | ||
| 008 | 250731s2004 dr 001 0 spa d | ||
| 040 |
_aDO-SdBNP _bspa _cBNPHU _erda |
||
| 041 | _aspa | ||
| 082 | 0 | 4 |
_axxx _bR426n _222 |
| 110 |
_aRepública Dominicana. _b[Leyes, etc.] _988458 |
||
| 245 | 1 | 0 |
_aNormas complementarias al código procesal penal : _bleyes numeros 278-04 y 277-04 resolución No. 1170-2004, decreto No. 644-03 |
| 264 | 1 |
_aSanto Domingo : _bEdiciones Jurídicas Trajano Potentini, _c2004 |
|
| 300 |
_a86 páginas ; _c21 cm. |
||
| 336 |
_atexto _btxt _2rdacontent |
||
| 337 |
_asin mediación _bn _2rdamedia |
||
| 338 |
_avolumen _bnc _2rdacarrier |
||
| 590 | _aInventariado, 2025/DG | ||
| 650 | 0 |
_aRehabilitación urbana _xLegislación _zRepública Dominicana _94183 |
|
| 650 |
_aDerecho procesal _xLegislación _zRepública Dominicana _988459 |
||
| 910 | _aDG | ||
| 942 |
_2ddc _cLBS1 |
||
| 999 |
_c59695 _d59695 |
||